000 00187nam a2200085Ia 4500
008 180219s9999 xx 000 0 und d
100 _aYogesh Kumar
245 0 _aRasayan Vigyan
260 _aA.P.H. Pub
260 _c2010
999 _c41593
_d41593